| 000 | 00930nam a22002297a 4500 | ||
|---|---|---|---|
| 999 |
_c21204 _d21204 |
||
| 003 | AR-CdUCM | ||
| 008 | 190405b ||||| |||| 00| 0 spa d | ||
| 040 |
_aMUNICIPALIDAD PROVINCIAL DEL CUSCO _cBIBLIOTECA MUNICIPAL DEL CUSCO |
||
| 082 |
_a364 / I59E _bI59E |
||
| 110 |
_aInstituto Peruano de Derecho & Gobernabilidad _944294 |
||
| 245 | _aEjes para la reforma constitucional peruana estudios de Derecho Constitucional / | ||
| 260 |
_aCusco : _bE&G, _c2017. |
||
| 300 |
_a304 páginas ; _c26 cm. |
||
| 440 |
_aDerecho y Gobernabilidad. _n2 _944296 |
||
| 505 | _aContenido : La extradición -- Metamorfosis de un precedente discutible -- Los derechos fundamentales de la persona como ser espiritual -- El proceso de amparo contra Laudos ... | ||
| 650 |
_aDerecho constitucional _94734 |
||
| 650 |
_aConstitución peruana _96329 |
||
| 650 |
_aDerecho _9739 |
||
| 650 |
_aLeyes _94808 |
||
| 942 |
_2ddc _cLIBROS |
||
| 945 | _aRoel | ||